000 00530nam a2200181Ia 4500
999 _c1885
_d1885
003 OSt
005 20200925130400.0
008 190216s9999||||xx |||||||||||||| ||und||
020 _a9788187134060
040 _coclc
082 _a570.15195
_bPAD/B
100 _aPadmini, E
_95010
245 0 _aBiochemical Calculations And Biostatistics /
_cE Padmini
260 _bBooks And Allied Pvt Ltd,
_c2007.
_aKolkata:
300 _a305p
650 _aBotany
942 _cBK
_2ddc
_h570.15195
_iPAD/B
_k570.15195
_mPAD/B